000
00293nam a22000977a 4500
008
171113b xxu||||| |||| 00| 0 eng d
100
_a
Schwaneberger
245
_a
Michel-Farbenfuhrer (Schwaneberger color guide) 1958
260
_a
Munich
_b
Schwaneberger Verlag
_c
1958
650
_a
Color Guides | Color
999
_c
2547
_d
2547